Español 5000 #2 - Verbos (Fáciles) - Statistics

General Stats
  • This quiz has been taken 39 times
    35 since last reset
  • The average score is 52 of 155
Answer Stats
Definición Corta en Español Palabra % Correct
Hacer que algo deje de estar cerrado abrir
74%
Tomar líquidos beber
65%
Ir andando caminar
65%
Sustituir una cosa por otra cambiar
61%
Preparar alimentos para comer cocinar
61%
Expresarse con palabras hablar
61%
Intentar encontrar algo buscar
57%
Percibir sonidos con el oído oír
57%
Existir o tener una identidad permanente ser
57%
Moverse al ritmo de la música bailar
52%
Unirse legalmente en matrimonio casar
52%
Poner algo de modo que no se pueda abrir cerrar
52%
Gustar mucho algo encantar
52%
Causar la muerte de alguien matar
52%
Dejar de vivir morir
52%
Venir al mundo al inicio de la vida nacer
52%
Ponerse ropa vestir
52%
Tocar con los labios en señal de afecto besar
48%
Perder el equilibrio y descender caer
48%
Producir música con la voz cantar
48%
Ingerir alimentos comer
48%
Moverse rápidamente con las piernas correr
48%
Comenzar algo empezar
48%
Comprender con claridad entender
48%
Pasar de afuera hacia adentro entrar
48%
Prestar atención a los sonidos escuchar
48%
Hablar muy fuerte con fuerza gritar
48%
Decir el nombre o contactar a alguien llamar
48%
Alcanzar un destino o lugar llegar
48%
Decir algo falso intencionalmente mentir
48%
Enseñar o exhibir algo mostrar
48%
Cambiar de lugar o posición mover
48%
Avanzar en el agua con el cuerpo nadar
48%
Dar dinero por algo recibido pagar
48%
Obtener algo que se da o envía recibir
48%
Emplear algo para un propósito usar
48%
Percibir con los ojos ver
48%
Existir o residir vivir
48%
Sentir amor profundo por alguien o algo amar
43%
Adquirir conocimientos o habilidades aprender
43%
Prestar asistencia o cooperación ayudar
43%
Dar inicio a algo comenzar
43%
Realizar una acción o actividad hacer
43%
Transportar de un lugar a otro llevar
43%
Colocar algo en un lugar poner
43%
Irse o dejar un lugar salir
43%
Percibir sensaciones o emociones sentir
43%
Entregar algo a alguien dar
39%
Expresar con palabras decir
39%
Obtener un premio o logro ganar
39%
Ser del agrado de alguien gustar
39%
Desplazarse hacia un lugar ir
39%
Limpiar con agua y jabón lavar
39%
Ocupar completamente un espacio llenar
39%
Fijar la vista en algo mirar
39%
Requerir algo esencial necesitar
39%
Dejar de recordar algo olvidar
39%
Solicitar algo con cortesía pedir
39%
Tener conocimiento o información saber
39%
Poseer o mantener algo tener
39%
Hacer contacto con algo tocar
39%
Regresar al lugar de origen volver
39%
Poner algo más próximo acercar
35%
Poner a alguien en posición para dormir acostar
35%
Ir caminando andar
35%
Aceptar algo como cierto creer
35%
Permitir o abandonar algo dejar
35%
Reposar para recuperar energía dormir
35%
Transmitir conocimientos o habilidades enseñar
35%
Representar palabras con letras escribir
35%
Indicar ubicación o estado temporal estar
35%
Hacer algo comprensible con claridad explicar
35%
Interpretar textos escritos leer
35%
Tener cierta apariencia parecer
35%
Hacer una consulta para obtener información preguntar
35%
Elevarse del suelo con impulso saltar
35%
Colocar a alguien en una silla o banco sentar
35%
Ir hacia arriba subir
35%
Concluir o finalizar algo terminar
35%
Lanzar algo con fuerza tirar
35%
Ir de un lugar a otro por placer o trabajo viajar
35%
Adquirir algo pagando comprar
30%
Entender profundamente comprender
30%
Hablar sobre algo con diferentes puntos de vista discutir
30%
Causar o sentir dolor doler
30%
Aprender con esfuerzo y dedicación estudiar
30%
Quitar suciedad o desorden limpiar
30%
Percibir olores o aromas oler
30%
Dejar de tener algo perder
30%
Desear o amar algo o a alguien querer
30%
Traer algo a la memoria recordar
30%
Continuar o ir detrás de algo seguir
30%
Producir un sonido sonar
30%
Ver imágenes o sucesos dormido o imaginar algo soñar
30%
Hacer uso de algo utilizar
30%
Ir a ver a alguien o algún lugar visitar
30%
Desplazarse por el aire volar
30%
Recibir algo con agrado o consentimiento aceptar
26%
Llegar a una decisión común acordar
26%
Tener espacio suficiente para entrar caber
26%
Tener información o experiencia sobre algo o alguien conocer
26%
Separar algo con un objeto afilado cortar
26%
Producir algo nuevo crear
26%
Aumentar en tamaño o madurez crecer
26%
Verbo auxiliar o existencia de algo haber
26%
Participar en actividades lúdicas jugar
26%
Reunir cosas o personas juntar
26%
Alzar o subir algo levantar
26%
Detenerse o suspender una acción parar
26%
Golpear o unir algo con presión pegar
26%
Tener la capacidad de hacer algo poder
26%
Dar algo como muestra de afecto regalar
26%
Inhalar y exhalar aire respirar
26%
Poner cosas o personas aparte separar
26%
Mostrar alegría con una expresión facial sonreír
26%
Transportar algo hacia el lugar del hablante traer
26%
Juntar partes en un conjunto unir
26%
Anular o suspender algo cancelar
22%
Dar algo a alguien oficialmente entregar
22%
Hacer llegar algo a un destino enviar
22%
Conseguir algo que se desea obtener
22%
Usar la mente para razonar pensar
22%
Notar algo con los sentidos percibir
22%
Mostrar alegría con sonido facial reír
22%
Contestar a una pregunta o situación responder
22%
Tomar algo sin permiso robar
22%
Dividir algo con fuerza o accidente romper
22%
Extraer algo de un lugar sacar
22%
Atender o proporcionar ayuda o comida servir
22%
Sentir miedo o preocupación temer
22%
Agarrar, consumir o utilizar algo tomar
22%
Hacer algo correctamente o con precisión acertar
17%
Hacer algo más claro o comprensible aclarar
17%
Permanecer hasta que ocurra algo esperar
17%
Dar voluntariamente algo a alguien ofrecer
17%
Moverse de un lugar a otro o suceder pasar
17%
Ser parte de algo pertenecer
17%
Evaluar o intentar algo probar
17%
Permanecer en un lugar o estado quedar
17%
Entregar algo a cambio de dinero vender
17%
Llegar al lugar donde está el hablante venir
17%
Proteger o atender con esmero cuidar
13%
Realizar una actividad con esfuerzo trabajar
13%
Brindar ayuda o soporte apoyar
9%
Tener determinado precio o esfuerzo costar
9%
Incorporar como parte de un conjunto incluir
9%
Atraer atención o curiosidad interesar
9%
Causar asombro o reacción inesperada sorprender
9%
Intentar o manejar una situación tratar
9%
Iniciar el funcionamiento de algo activar
4%
Unir cosas de forma que funcionen bien juntas combinar
4%
Terminar algo totalmente completar
4%
Indicar el sentido o propósito significar
4%
Tener hábito de hacer algo soler
4%
Producir un cambio o impacto afectar
0%
No matching quizzes found
Score Distribution
Percent of People with Each Score
Percentile by Number Answered
Your Score History
You have not taken this quiz since the last reset